Dictionnaire étymologique latin / (Record no. 152677)

MARC details
000 -LEADER
campo de control de longitud fija 00732nam a22002295i 4500
001 - NÚMERO DE CONTROL
campo de control 152677
003 - IDENTIFICADOR DE NÚMERO DE CONTROL
campo de control ES-MaACL
005 - FECHA Y HORA DE LA ÚLTIMA TRANSACCIÓN
campo de control 20230906204835.0
008 - DATOS DE LONGITUD FIJA--INFORMACIÓN GENERAL
campo de control de longitud fija 051017s1902 fr | |||||||| ||fre d
040 ## - FUENTE DE CATALOGACIÓN
Centro catalogador/agencia de origen CAM
Lengua de catalogación spa
Centro/agencia transcriptor CAM
100 1# - ENTRADA PRINCIPAL--NOMBRE DE PERSONA
Nombre de persona Bréal, Michel.
9 (RLIN) 31536
245 10 - MENCIÓN DEL TÍTULO
Título Dictionnaire étymologique latin /
Mención de responsabilidad, etc. par Michel Bréal et Anatole Bailly.
250 ## - MENCION DE EDICION
Mención de edición 5e éd.
260 ## - PUBLICACIÓN, DISTRIBUCIÓN, ETC.
Lugar de publicación, distribución, etc. Paris :
Nombre del editor, distribuidor, etc. Librairie Hachette et C.,
Fecha de publicación, distribución, etc. 1902.
300 ## - DESCRIPCIÓN FÍSICA
Extensión 463 p. ;
Dimensiones 22 cm.
490 1# - MENCIÓN DE SERIE
Mención de serie Leçons de mots. Cours supérieur
650 04 - PUNTO DE ACCESO ADICIONAL DE MATERIA--TÉRMINO DE MATERIA
Término de materia o nombre geográfico como elemento de entrada Lengua latina.
9 (RLIN) 14291
700 1# - ENTRADA AGREGADA--NOMBRE PERSONAL
Nombre de persona Bailly, Anatole.
9 (RLIN) 24712
830 0# - PUNTO DE ACCESO ADICIONAL DE SERIE-TÍTULO UNIFORME
Título uniforme Leçons de mots. Cours supérieur
9 (RLIN) 221361
852 ## - LOCALIZACIÓN
Ubicación ES-MaACL
Número de control de estantería B-1022
Nota libre -- Enc. pasta española
Holdings
Estatus retirado Estado de pérdida Estado de daño No para préstamo Biblioteca de origen Biblioteca actual Ubicación en estantería Fecha de adquisición Fuente de adquisición Total de préstamos Signatura topográfica completa Código de barras Visto por última vez Precio de reemplazo Tipo de ítem Koha
        Biblioteca del Ateneo de Madrid Biblioteca del Ateneo de Madrid Sala Pardo Bazán 17/01/2008     B-1022 1159444 23/02/2023 23/02/2023 Libro impreso